书目信息 |
| 题名: |
建材与水利工程施工
|
|
| 作者: | 冷爱国 , 刘祥柱 编著 | |
| 分册: | ||
| 出版信息: | 北京 中国水利水电出版社 2008.01 |
|
| 页数: | 277页 | |
| 开本: | 26cm | |
| 丛书名: | ||
| 单 册: | ||
| 中图分类: | TV5 | |
| 科图分类: | ||
| 主题词: | 水利工程--shui li gong cheng--建筑材料--高等学校--教材 , 水利工程--shui li gong cheng--工程施工--高等学校--教材 | |
| 电子资源: | ||
| ISBN: | 978-7-5084-5212-8 | |
| 000 | 00971nam0 2200265 450 | |
| 001 | 012008895906 | |
| 005 | 20080413172929.54 | |
| 010 | @a978-7-5084-5212-8@dCNY33.00 | |
| 100 | @a20080413d2008 em y0chiy0120 ea | |
| 101 | 0 | @achi |
| 102 | @aCN@b110000 | |
| 105 | @aa a 000yy | |
| 106 | @ar | |
| 200 | 1 | @a建材与水利工程施工@Ajian cai yu shui li gong cheng shi gong@f冷爱国, 刘祥柱编著@Fleng ai guo,liu xiang zhu bian zhu |
| 210 | @a北京@c中国水利水电出版社@d2008.01 | |
| 215 | @a277页@c图@d26cm | |
| 300 | @a高等院校精品规划教材 | |
| 330 | @a本书的主要内容包括:建筑材料的基本性质、常用建筑材料、施工导流与截流、土方工程施工技术、爆破施工技术等。 | |
| 606 | 0 | @a水利工程@Ashui li gong cheng@x建筑材料@x高等学校@j教材 |
| 606 | 0 | @a水利工程@Ashui li gong cheng@x工程施工@x高等学校@j教材 |
| 690 | @aTV5@v4 | |
| 701 | 0 | @a冷爱国@Aleng ai guo@4编著 |
| 701 | 0 | @a刘祥柱@Aliu xiang zhu@4编著 |
| 801 | 0 | @aCN@bQSSK@c20080413 |
| 905 | @b292044-46@dTV5@eL098@f3 | |
| 建材与水利工程施工/冷爱国, 刘祥柱编著.-北京:中国水利水电出版社,2008.01 |
| 277页:图;26cm |
| 高等院校精品规划教材 |
| ISBN 978-7-5084-5212-8:CNY33.00 |
| 本书的主要内容包括:建筑材料的基本性质、常用建筑材料、施工导流与截流、土方工程施工技术、爆破施工技术等。 |
| ● |
| 相关链接 |
|
|
|
正题名:建材与水利工程施工
索取号:TV5/L098
 
预约/预借
| 序号 | 登录号 | 条形码 | 馆藏地/架位号 | 状态 | 备注 |
| 1 | 292044 | 202920447 | 自科二线504/504自科库 41排3列1层/ [索取号:TV5/L098] | 在馆 | |
| 2 | 292045 | 202920456 | 自科库501/501自科库 77排2列4层/ [索取号:TV5/L098] | 在馆 | |
| 3 | 292046 | 202920465 | 自科库501/501自科库 77排2列4层/ [索取号:TV5/L098] | 在馆 |